|
|
|
|
| LEADER |
01267nam a2200253 u 4500 |
| 001 |
10015175 |
| 003 |
GR-PaULI |
| 005 |
20220207131958.0 |
| 008 |
881025s1995 gr g d gre d |
| 952 |
|
|
|0 0
|1 0
|2 ddc
|4 0
|6 R_489_332000000000000_1_ΓΙΑ
|7 0
|9 160136
|a THST
|b THST
|d 2016-04-24
|i 016970
|l 0
|o R 489.332 1 ΓΙΑ
|p 025000010577
|r 2016-04-24 00:00:00
|t 1
|v 2016.00
|w 2016-04-24
|y BKN
|
| 999 |
|
|
|c 100904
|d 100904
|
| 040 |
|
|
|a GR-PaULI
|c GR-PaULI
|b gre
|e AACR2
|
| 041 |
0 |
|
|a gre
|a eng
|
| 082 |
0 |
4 |
|a 489.332 1
|
| 100 |
1 |
|
|a Γιαννακόπουλος, Γιώργος Ν.
|9 4507
|e συγγραφέας
|
| 245 |
1 |
0 |
|a Σύγχρονο ελληνοαγγλικό λεξικό =
|b greek - english /
|c [συγγραφή λεξικού Γ. Γιαννακόπουλος, Ε. Σιαρένου].
|
| 260 |
|
|
|a Αθήνα :
|b Εκδόσεις Διαγόρα,
|c 1995.
|
| 300 |
|
|
|a xxxii, 1622 σ. ;
|c 21 εκ.
|
| 500 |
|
|
|a Με απλό σύστημα αυτοδιδασκαλίας για την προφορά των λέξεων.
|
| 650 |
|
4 |
|a Ελληνική γλώσσα
|x Λεξικά
|x Αγγλικά
|9 29831
|
| 700 |
1 |
4 |
|a Σιαρένου, Ευθυμία Μιλτ.
|9 165160
|e συγγραφέας
|
| 942 |
|
|
|2 ddc
|c BKN
|
| 998 |
|
|
|c ΗΛΙΟΠΟΥΛΟΥ
|d 1999-05
|
| 998 |
|
|
|c ΜΑΝΙΑ
|d 2022-02
|